| 000 | 00603nam a22001937a 4500 | ||
|---|---|---|---|
| 999 |
_c95231 _d95231 |
||
| 005 | 20230626121010.0 | ||
| 010 | _aENG-113663 ENG-137165 | ||
| 020 |
_a9788189430085 _c250.00 |
||
| 035 | _aEN-97195 EN-120697 | ||
| 037 | _bDBAD/PUB | ||
| 082 | _a649.7 | ||
| 100 | _aKriyananda, Swami | ||
| 245 |
_aEducation For Life: _cby Swami Kriyananda _bPreparing Children to Meet The Challenges / |
||
| 260 |
_aGurgaon _bAnanda Sangha Publications _c2008 |
||
| 270 |
_bGurgaon _aB-10/8, DLF Phase- I |
||
| 300 |
_a303p. _c23cm(pbk) |
||
| 500 | _aIncludes index | ||
| 942 |
_2ddc _cEN _mKRI _h649.7 |
||